000 00621nam a2200217Ia 4500
001 7269
003 GE_BSU
008 181216s||||||||xx |||||||||||||| ||und||
040 _cGE_BSU
080 _a621.318
100 _aВитенберг,М.И.
245 _aРасчет электромагнитных реле.
245 _cРед.В.Н.Михалкова.
250 _aИзд 4-ое, перераб. и доп.
260 _aЛ.
260 _bЭнергия.
260 _c1975.
300 _a416стр.с илл.22см.
653 _aРасчет электромагнитных реле.
942 _cBK
999 _c40641
_d40641